000 00587nam a22001817a 4500
008 130821s1925 fr gr fre
040 _aCo-BoUCM
_bspa
041 0 0 _afre
100 _aBaudelaire, Charles
_D1821-1867
_935638
245 0 4 _aLesfleurs du mal
_cCharles Baudelaire
260 _aParís (Francia)
_bLes Editions G. Crés et Cie
_c1925
300 _a459páginas
500 _aIncluye índice
650 0 4 _aLiteratura francesa
_97794
650 0 4 _aPoesía francesa
_921811
942 _cLIBRO
_a18
_e1
_mB18F
_n0
_2DEWEY
_h841.8
999 _c87032
_d87032